Management informatiion system and computer applicatiion (Record no. 1122995)

MARC details
000 -LEADER
fixed length control field 00545nam a2200193 4500
001 - CONTROL NUMBER
control field vtls001676371
003 - CONTROL NUMBER IDENTIFIER
control field NLI
005 - DATE AND TIME OF LATEST TRANSACTION
control field 20210628150330.0
008 - FIXED-LENGTH DATA ELEMENTS--GENERAL INFORMATION
fixed length control field 130213 00 eng
039 #9 - LEVEL OF BIBLIOGRAPHIC CONTROL AND CODING DETAIL [OBSOLETE]
Level of rules in bibliographic description 201306102050
Level of effort used to assign nonsubject heading access points ezajulh
-- 201302131932
-- aruncp
100 1# - MAIN ENTRY--PERSONAL NAME
Personal name Patil, H. G.
9 (RLIN) 1105704
245 10 - TITLE STATEMENT
Title Management informatiion system and computer applicatiion
260 ## - PUBLICATION, DISTRIBUTION, ETC.
Date of publication, distribution, etc. 2012
887 ## - NON-MARC INFORMATION FIELD
Content of non-MARC field
901 ## - LOCAL DATA ELEMENT A, LDA (RLIN)
a DB137675 :
b 15.02.13
903 ## - LOCAL DATA ELEMENT C, LDC (RLIN)
a arun
942 ## - ADDED ENTRY ELEMENTS (KOHA)
Source of classification or shelving scheme Dewey Decimal Classification
Koha item type Books
Holdings
Withdrawn status Lost status Damaged status Not for loan Home library Current library Date acquired Total Checkouts Date last seen Price effective from Koha item type
        National Library of India National Library of India     28/06/2021 28/06/2021 Books
                                                                           
web counter

Copyright ©2020 The National Library of India, Govt. of India ↔ Hosted by NVLI, MOC ↔ Technology and Design by National Library of India, Ministry of Culture, Govt. of India